[Event "24th Grunwald Cup"]
[Site "Hotel Start-Dadaj Ramsowo"]
[Date "2009.09.26"]
[Round "9.1"]
[White "Dukaczewski, Piotr"]
[Black "Zarow, Zdzislaw"]
[Result "1-0"]
[WhiteElo "2285"]
[BlackElo "2016"]
[PlyCount "59"]
[EventDate "2009.09.19"]
[EventType "swiss"]
[EventRounds "9"]
[EventCountry "POL"]

1. c4 Nf6 2. Nc3 e5 3. g3 Bc5 4. Bg2 c6 5. Qb3 Na6 6. e3 d6 7. Nge2 Nb4 8. O-O
Nd3 9. Na4 O-O 10. Qxd3 Bb4 11. a3 Ba5 12. b4 Bc7 13. Bb2 Re8 14. e4 Bg4 15. h3
Be6 16. f4 b5 17. cxb5 cxb5 18. Nac3 Bc4 19. Qf3 exf4 20. d3 Bb3 21. Nxf4 Rb8
22. Ncd5 Bb6+ 23. Kh2 Nd7 24. Nh5 f5 25. Nxg7 Ne5 26. Bxe5 Rxe5 27. Nxf5 Bxd5
28. Qg4+ Kf8 29. Nh6+ Ke8 30. exd5 1-0

[Event "24th Grunwald Cup"]
[Site "Hotel Start-Dadaj Ramsowo"]
[Date "2009.09.26"]
[Round "9.2"]
[White "Stolarczyk, Anna"]
[Black "Stachanczyk, Jacek"]
[Result "1/2-1/2"]
[WhiteElo "2006"]
[BlackElo "2212"]
[PlyCount "69"]
[EventDate "2009.09.19"]
[EventType "swiss"]
[EventRounds "9"]
[EventCountry "POL"]

1. d4 d5 2. Nf3 Nf6 3. c3 c5 4. Qc2 cxd4 5. cxd4 Nc6 6. Nc3 g6 7. e3 Bg7 8. a3
O-O 9. Bd3 Be6 10. O-O Rc8 11. Qe2 Na5 12. Nd2 Nc4 13. Nxc4 dxc4 14. Bc2 Qd6
15. Bd2 Rfd8 16. Ne4 Nxe4 17. Bxe4 Bd5 18. Bxd5 Qxd5 19. Bc3 Qb5 20. Rac1 e5
21. dxe5 Bxe5 22. Bxe5 Qxe5 23. Rc3 b5 24. Rfc1 Rb8 25. R1c2 Qd5 26. h3 Rb6 27.
a4 a6 28. axb5 axb5 29. e4 Qd1+ 30. Qxd1 Rxd1+ 31. Kh2 Rbd6 32. b3 cxb3 33.
Rxb3 R1d4 34. Rxb5 Rxe4 35. Rbb2 1/2-1/2

[Event "24th Grunwald Cup"]
[Site "Hotel Start-Dadaj Ramsowo"]
[Date "2009.09.26"]
[Round "9.3"]
[White "Hornik, Bronislaw"]
[Black "Gunajew, Rafal"]
[Result "1/2-1/2"]
[WhiteElo "1900"]
[BlackElo "2261"]
[PlyCount "111"]
[EventDate "2009.09.19"]
[EventType "swiss"]
[EventRounds "9"]
[EventCountry "POL"]

1. d4 c5 2. Nf3 cxd4 3. Nxd4 e5 4. Nb3 Nf6 5. Bg5 Be7 6. Bxf6 Bxf6 7. e4 O-O 8.
Nc3 Nc6 9. Bc4 a6 10. O-O Kh8 11. Nd5 Bg5 12. c3 b5 13. Bd3 d6 14. a4 Rb8 15.
axb5 axb5 16. Qe2 b4 17. Bb5 Bd7 18. Bxc6 Bxc6 19. Nxb4 Bb5 20. c4 Bd7 21. Qe1
Qb6 22. Na6 Ra8 23. Nb4 Rab8 24. Na6 Qxb3 25. Nxb8 Rxb8 26. Qe2 Be6 27. Ra3
Qxc4 28. Qxc4 Bxc4 29. Rfa1 g6 30. Ra8 Rxa8 31. Rxa8+ Kg7 32. b4 Kf6 33. Rb8
Bd3 34. f3 Be3+ 35. Kh1 Ke6 36. b5 f5 37. b6 Kd7 38. b7 Kc7 39. Rc8+ Kxb7 40.
Rc3 fxe4 41. fxe4 Bxe4 42. Rxe3 d5 43. Rc3 Kb6 44. Kg1 d4 45. Rc1 Bf5 46. h3 g5
47. Kf2 e4 48. g4 Bd7 49. Rc4 e3+ 50. Ke1 d3 51. Re4 h5 52. Rxe3 hxg4 53. hxg4
Bxg4 54. Rg3 Be2 55. Rxg5 Kc6 56. Kd2 1/2-1/2

[Event "24th Grunwald Cup"]
[Site "Hotel Start-Dadaj Ramsowo"]
[Date "2009.09.26"]
[Round "9.4"]
[White "Suder, Ryszard"]
[Black "Zoltek, Tadeusz"]
[Result "1/2-1/2"]
[WhiteElo "2163"]
[BlackElo "2214"]
[PlyCount "59"]
[EventDate "2009.09.19"]
[EventType "swiss"]
[EventRounds "9"]
[EventCountry "POL"]

1. Nf3 d5 2. b3 Nf6 3. Bb2 Bf5 4. d3 e6 5. g3 h6 6. Nbd2 Bh7 7. Bg2 Be7 8. O-O
O-O 9. Ne5 Nbd7 10. Ndf3 c6 11. c4 a5 12. a3 Nxe5 13. Nxe5 Nd7 14. Qc2 Nxe5 15.
Bxe5 Bf6 16. Qb2 Bxe5 17. Qxe5 Qb8 18. Qxb8 Rfxb8 19. Rfc1 Kf8 20. Kf1 Ke7 21.
Ke1 Bg6 22. Kd2 Kd7 23. e3 Kd8 24. b4 axb4 25. axb4 dxc4 26. dxc4 Kc7 27. Kc3
Rd8 28. Bf1 e5 29. Be2 f6 30. Rd1 1/2-1/2

[Event "24th Grunwald Cup"]
[Site "Hotel Start-Dadaj Ramsowo"]
[Date "2009.09.26"]
[Round "9.5"]
[White "Renkowski, Piotr"]
[Black "Chojnowski, Marcin"]
[Result "0-1"]
[WhiteElo "1691"]
[BlackElo "2114"]
[PlyCount "36"]
[EventDate "2009.09.19"]
[EventType "swiss"]
[EventRounds "9"]
[EventCountry "POL"]

1. e4 c5 2. Nf3 d6 3. c3 Nf6 4. Be2 Nbd7 5. d3 g6 6. Be3 Bg7 7. Qd2 c4 8. Bh6
Bxh6 9. Qxh6 cxd3 10. Bxd3 Qb6 11. O-O Qxb2 12. Nbd2 Qxc3 13. Bc4 Ng8 14. Qf4
Qf6 15. Qe3 Ne5 16. Nxe5 Qxe5 17. Qb3 Nh6 18. Bb5+ Kf8 {nieczytelny} 0-1

[Event "24th Grunwald Cup"]
[Site "Hotel Start-Dadaj Ramsowo"]
[Date "2009.09.26"]
[Round "9.6"]
[White "Bakalarczyk, Wlodzimierz"]
[Black "Falkowski, Dawid"]
[Result "1/2-1/2"]
[WhiteElo "2038"]
[BlackElo "2086"]
[PlyCount "73"]
[EventDate "2009.09.19"]
[EventType "swiss"]
[EventRounds "9"]
[EventCountry "POL"]

1. d4 Nf6 2. c4 e6 3. Nf3 c5 4. Nc3 cxd4 5. Nxd4 Nc6 6. Nc2 Bc5 7. e4 O-O 8.
Be2 d5 9. cxd5 exd5 10. exd5 Nb4 11. Ne3 Bxe3 12. Bxe3 Nbxd5 13. Nxd5 Nxd5 14.
Bd2 Qb6 15. O-O Qxb2 16. Bf3 Be6 17. Qc1 Qxc1 18. Rfxc1 Rfc8 19. a4 Kf8 20. h3
Rc6 21. a5 Rac8 22. Rxc6 Rxc6 23. Bxd5 Bxd5 24. Rc1 Ra6 25. Bb4+ Ke8 26. f3 Kd7
27. Kf2 b6 28. axb6 axb6 29. Bc3 g6 30. Ra1 Ba2 31. Ke3 Kc6 32. Bb2 Kc5 33.
Rc1+ Bc4 34. h4 Ra2 35. Bd4+ Kd5 36. Bxb6 Rxg2 37. Ra1 1/2-1/2

[Event "24th Grunwald Cup"]
[Site "Hotel Start-Dadaj Ramsowo"]
[Date "2009.09.26"]
[Round "9.7"]
[White "Misiejuk, Zdzislaw"]
[Black "Sargalski, Andrzej"]
[Result "0-1"]
[WhiteElo "1982"]
[BlackElo "1954"]
[PlyCount "91"]
[EventDate "2009.09.19"]
[EventType "swiss"]
[EventRounds "9"]
[EventCountry "POL"]

1. e4 d5 2. exd5 Qxd5 3. Nc3 Qa5 4. d4 c6 5. Bd2 Qb6 6. Bc1 Nf6 7. Nf3 Bg4 8.
Be2 e6 9. O-O Nbd7 10. h3 Bxf3 11. Bxf3 Bd6 12. Ne2 O-O 13. c4 c5 14. d5 exd5
15. cxd5 Rad8 16. Nc3 Ne5 17. Qa4 Nxf3+ 18. gxf3 Bb8 19. Kg2 Nxd5 20. Nxd5 Rxd5
21. Be3 Qg6+ 22. Qg4 Rfd8 23. Rac1 b6 24. Rc4 f5 25. Qxg6 hxg6 26. Bg5 R8d7 27.
Re1 Kf7 28. Rc2 Be5 29. Rce2 Bf6 30. Bxf6 gxf6 31. h4 Rd1 32. Rxd1 Rxd1 33. f4
c4 34. Rc2 b5 35. b3 Rd4 36. Kg3 Rd3+ 37. f3 cxb3 38. axb3 Rxb3 39. Rc7+ Kg8
40. Rxa7 Rb1 41. Rb7 b4 42. Kg2 b3 43. Kh2 b2 44. Kg2 Kf8 45. Rb5 Ke7 46. Kf2
0-1

[Event "24th Grunwald Cup"]
[Site "Hotel Start-Dadaj Ramsowo"]
[Date "2009.09.26"]
[Round "9.9"]
[White "Siluk, Zygmunt"]
[Black "Kardasz, Wladyslaw"]
[Result "1-0"]
[WhiteElo "1973"]
[BlackElo "1917"]
[PlyCount "52"]
[EventDate "2009.09.19"]
[EventType "swiss"]
[EventRounds "9"]
[EventCountry "POL"]

1. e4 c5 2. Nf3 Nc6 3. d4 cxd4 4. Nxd4 e6 5. Be2 Nxd4 6. Qxd4 Ne7 7. O-O Nc6 8.
Qe3 a6 9. a3 b5 10. Nd2 Bb7 11. Nb3 Be7 12. Bd2 d6 13. Rad1 Bf6 14. Bc3 Qc7 15.
f4 Rc8 16. Bxf6 gxf6 17. c3 Ke7 18. Rd3 Na5 19. Nxa5 Qxa5 20. Rfd1 Rhd8 21. e5
d5 22. exf6+ Kxf6 23. Qe5+ Ke7 24. f5 Qc7 25. f6+ Kd7 26. Qh5 Kd6 {time} 1-0

[Event "24th Grunwald Cup"]
[Site "Hotel Start-Dadaj Ramsowo"]
[Date "2009.09.26"]
[Round "9.10"]
[White "Pawelec, Bartosz"]
[Black "Hagner, Pawel"]
[Result "1-0"]
[WhiteElo "2040"]
[BlackElo "1865"]
[PlyCount "43"]
[EventDate "2009.09.19"]
[EventType "swiss"]
[EventRounds "9"]
[EventCountry "POL"]

1. e4 g6 2. d4 Bg7 3. Nc3 c6 4. Bc4 d6 5. Qf3 e6 6. d5 exd5 7. exd5 Qe7+ 8.
Nge2 Nf6 9. O-O O-O 10. Bg5 Qe5 11. Bf4 Qe7 12. Ng3 Qc7 13. Rae1 a6 14. Bg5
Nxd5 15. Bxd5 cxd5 16. Nxd5 Qxc2 17. Re2 Qc5 18. Rc1 Qd4 19. Ne7+ Kh8 20. Rxc8
Qd1+ 21. Nf1 Rxc8 22. Nxc8 1-0

[Event "24th Grunwald Cup"]
[Site "Hotel Start-Dadaj Ramsowo"]
[Date "2009.09.26"]
[Round "9.11"]
[White "Traczyk, Tadeusz"]
[Black "Poswiatowski, Stanislaw"]
[Result "1/2-1/2"]
[WhiteElo "1918"]
[BlackElo "1674"]
[PlyCount "63"]
[EventDate "2009.09.19"]
[EventType "swiss"]
[EventRounds "9"]
[EventCountry "POL"]

1. e4 e6 2. d4 d5 3. Nc3 dxe4 4. Nxe4 Bd7 5. Nf3 Bc6 6. Bd3 Bxe4 7. Bxe4 c6 8.
O-O Nf6 9. Bg5 Nbd7 10. c3 Qc7 11. Bd3 Bd6 12. h3 h6 13. Bd2 g5 14. c4 g4 15.
c5 Be7 16. hxg4 Nxg4 17. g3 O-O-O 18. b4 h5 19. Bf4 e5 20. Nxe5 Ngxe5 21. dxe5
Nxe5 (21... Rdg8 22. Bf5) 22. Bf5+ Kb8 23. Qe2 f6 24. Rae1 h4 25. Bxe5 fxe5 26.
Qxe5 Qxe5 27. Rxe5 Bf6 28. Re6 Bc3 29. a3 hxg3 30. Rd6 gxf2+ 31. Kxf2 Rdf8 32.
Ke3 1/2-1/2

[Event "24th Grunwald Cup"]
[Site "Hotel Start-Dadaj Ramsowo"]
[Date "2009.09.26"]
[Round "9.13"]
[White "Wyrzykowski, Jozef"]
[Black "Boese, Artur"]
[Result "0-1"]
[WhiteElo "1786"]
[BlackElo "1935"]
[PlyCount "43"]
[EventDate "2009.09.19"]
[EventType "swiss"]
[EventRounds "9"]
[EventCountry "POL"]

1. e4 d6 2. Nf3 Nf6 3. Nc3 g6 4. d3 Bg7 5. Be2 O-O 6. O-O e5 7. Bg5 h6 8. Bd2
Nc6 9. Qc1 Kh7 10. h3 Ng8 11. Nh2 f5 12. exf5 gxf5 13. Nd5 Nd4 14. c3 Ne6 15.
Ne3 f4 16. Neg4 h5 17. Nxe5 dxe5 18. Bxh5 Qxd3 19. Rd1 Nf6 20. Bxf4 Qf5 21.
Bxe5 Nxh5 22. Bxg7 (22. Bxg7 Qxf2+ 23. Kh1 Ng3# {#}) 0-1

[Event "24th Grunwald Cup"]
[Site "Hotel Start-Dadaj Ramsowo"]
[Date "2009.09.26"]
[Round "9.14"]
[White "Kulik, Roman"]
[Black "Czajkowski, Adam"]
[Result "0-1"]
[WhiteElo "1879"]
[BlackElo "1711"]
[PlyCount "68"]
[EventDate "2009.09.19"]
[EventType "swiss"]
[EventRounds "9"]
[EventCountry "POL"]

1. e4 c5 2. Nf3 e6 3. d4 cxd4 4. Nxd4 a6 5. c4 Bc5 6. Nb3 Be7 7. Nc3 d6 8. Bd3
Nf6 9. O-O O-O 10. Bg5 Nbd7 11. f4 h6 12. Bh4 b6 13. Qe2 e5 14. f5 Bb7 15. Bf2
g6 16. fxg6 fxg6 17. Be3 Kg7 18. Nd5 Bxd5 19. exd5 Nh7 20. Rxf8 Ndxf8 21. Rf1
Bg5 22. Nd2 Bxe3+ 23. Qxe3 Nf6 24. Ne4 Nxe4 25. Qxe4 Ra7 26. Qf3 a5 27. Qf2 Rb7
28. b3 Qe7 29. h3 Nd7 30. Be2 Nf6 31. Qh4 Nxd5 32. Qg3 Nf4 33. Bf3 Rb8 34. Be4
Ne2+ 0-1

[Event "24th Grunwald Cup"]
[Site "Hotel Start-Dadaj Ramsowo"]
[Date "2009.09.26"]
[Round "9.16"]
[White "Staruch, Roman"]
[Black "Rutkowski, Bogdan"]
[Result "1-0"]
[WhiteElo "1987"]
[BlackElo "1875"]
[PlyCount "37"]
[EventDate "2009.09.19"]
[EventType "swiss"]
[EventRounds "9"]
[EventCountry "POL"]

1. e4 c5 2. Nf3 a6 3. c3 d6 4. d4 cxd4 5. cxd4 Nf6 6. Nc3 e6 7. Be2 Be7 8. O-O
O-O 9. Bf4 Nh5 10. Bd2 Nf6 11. Rc1 b5 12. e5 dxe5 13. dxe5 Nd5 14. Nxd5 Qxd5
15. Qc2 Nd7 16. Rfd1 Qb7 17. Be3 Qb8 18. Bf4 Bb7 19. Rxd7 1-0